Species of Bass - Statistics

General Stats
  • This quiz has been taken 13 times
  • The average score is 6 of 15
Answer Stats
Picture Answer % Correct
Large Mouth Bass
91%
Small Mouth Bass
91%
Striped Bass
91%
Peacock Bass
64%
Rock Bass
64%
White Bass
55%
Redeye Bass
45%
Spotted Bass
45%
Black Sea Bass
27%
Yellow Bass
27%
Roanoke Bass
18%
Ozark Bass
9%
Shadow Bass
9%
Shoal Bass
9%
Suwannee Bass
0%
No matching quizzes found
Score Distribution
Percent of People with Each Score
Percentile by Number Answered
Your Score History
You have not taken this quiz